1185 1824 1335 1920 1577 1429 1683 1031 1927 1920 1856 1659 1183 1059 1311 1554 1166 1863 1954 1015 1944 1323 1872 1188 1358 1907 1550 1374 1852 1706 1104 1659 1637 1772 1305 1122 1231 1874 1800 1903 1170 1371 1374 1454 1178 1389 1419 1553 1570 1648 1112 1123 1214 1447 1059 1171 1158 1950 1288 1759 1563 1748 1196 1038 1626 1641 1455 1081 1761 1683 1877 1049 1398 1567 1402 1152 1474 1947 1200 1436 1670 1564 1842 1795 1172 1422 1333 1084 1470 1416 1979 1836 1468 1122 1767 1495 1636 1562 1704 BCNSPRNW ULIB Ver.6.0+V

เปลี่ยนเป็นภาษาไทย

Change to English
 แสดงรายละเอียดบรรณานุกรม
  กลับหน้าหลัก

Brief Record : Get Marc (ISO 2709) : E-mail record : QR code < ปิดหน้าต่าง
LEADER : 00000nam 2200000uu 4500
001    13399123496
003     ULIB
008    140928s2556||||th 000 0 tha d
020    ^a9789740645788
060 04 ^aWY154^bว528ก
245 00 ^aการพยาบาลผู้ป่วยภาวะวิกฤต : แบบองค์รวม =^bCritical carenursing : a holistic approach /^cวิจิตรา กุสุมภ์, บรรณาธิการ
246 31 ^aCritical care nursing : a holistic approach
250    ^aพิมพ์ครั้งที่ 5
260    ^aกรุงเทพฯ :^bสหประชาพาณิชย์,^c2556
300    ^a[19], 443 หน้า :^bภาพประกอบ ;^c26 ซม.
504    ^aมีบรรณานุกรมและดัชนี
650  7 ^aผู้ป่วยหนัก, การดูแล
650  7 ^aภาวะฉุกเฉิน^xการพยาบาล
700 0  ^aวิจิตรา กุสุมภ์,^eบรรณาธิการ
945    ^p380^l0^i035991
945    ^p380^l0^i035992
945    ^p380^l0^i035993
945    ^p380^l0^i035994
945    ^p380^l0^i035995
945    ^p380^l0^i035996
945    ^p380^l0^i035997
945    ^p380^l0^i035998
945    ^p380^l0^i035999
945    ^p380^l0^i036000
945    ^p380^l0^i036001
945    ^p380^l0^i036002
945    ^p380^l0^i036003
945    ^p380^l0^i036004
945    ^p380^l0^i036005
999    ^aเกษร โพธิ์สุวรรณ
รายการนี้ยังไม่มีแท็ก
คุณยังไม่ได้ล็อกอิน คุณสามารถมีกิจกรรมร่วมกับเว็บไซต์ได้ แต่ต้องล็อกอินก่อน ::
  ล็อกอิน

รายการสื่อสารสนเทศ

ลำดับที่ ประเภท เลขเรียก/บาร์โค้ด สถานที่ สถานะ
1. Book การพยาบาล
หนังสือสำรอง
สถานะ=หนังสือสำรอง
WY154 ว528ก ฉ.1 
  Barcode: 035991
ห้องสมุดวิทยาเขตสวรรค์ประชารักษ์
►ส่วนจัดเก็บหนังสือเก่า สปร
บนชั้น
  ขอยืม
2. Book การพยาบาล
Book การพยาบาล
WY154 ว528ก ฉ.10 
  Barcode: 036000
ห้องสมุดวิทยาเขตสวรรค์ประชารักษ์
►หนังสือทั่วไป
บนชั้น
3. Book การพยาบาล
Book การพยาบาล
WY154 ว528ก ฉ.11 
  Barcode: 036001
ห้องสมุดวิทยาเขตสวรรค์ประชารักษ์
►ส่วนจัดเก็บหนังสือเก่า สปร
บนชั้น
  ขอยืม
4. Book การพยาบาล
Book การพยาบาล
WY154 ว528ก ฉ.12 
  Barcode: 036002
ห้องสมุดวิทยาเขตสวรรค์ประชารักษ์
►ส่วนจัดเก็บหนังสือเก่า สปร
บนชั้น
  ขอยืม
5. Book การพยาบาล
Book การพยาบาล
WY154 ว528ก ฉ.13 
  Barcode: 036003
ห้องสมุดวิทยาเขตสวรรค์ประชารักษ์
►ส่วนจัดเก็บหนังสือเก่า สปร
บนชั้น
  ขอยืม
6. Book การพยาบาล
Book การพยาบาล
WY154 ว528ก ฉ.14 
  Barcode: 036004
ห้องสมุดวิทยาเขตสวรรค์ประชารักษ์
►ส่วนจัดเก็บหนังสือเก่า สปร
บนชั้น
  ขอยืม
7. Book การพยาบาล
Book การพยาบาล
WY154 ว528ก ฉ.15 
  Barcode: 036005
ห้องสมุดวิทยาเขตสวรรค์ประชารักษ์
►หนังสือทั่วไป
บนชั้น
8. Book การพยาบาล
Book การพยาบาล
WY154 ว528ก ฉ.2 
  Barcode: 035992
ห้องสมุดวิทยาเขตสวรรค์ประชารักษ์
►ส่วนจัดเก็บหนังสือเก่า สปร
บนชั้น
  ขอยืม
9. Book การพยาบาล
Book การพยาบาล
WY154 ว528ก ฉ.3 
  Barcode: 035993
ห้องสมุดวิทยาเขตสวรรค์ประชารักษ์
►ส่วนจัดเก็บหนังสือเก่า สปร
บนชั้น
  ขอยืม
10. Book การพยาบาล
Book การพยาบาล
WY154 ว528ก ฉ.4 
  Barcode: 035994
ห้องสมุดวิทยาเขตสวรรค์ประชารักษ์
►ส่วนจัดเก็บหนังสือเก่า สปร
บนชั้น
  ขอยืม
11. Book การพยาบาล
Book การพยาบาล
WY154 ว528ก ฉ.5 
  Barcode: 035995
ห้องสมุดวิทยาเขตสวรรค์ประชารักษ์
►ส่วนจัดเก็บหนังสือเก่า สปร
บนชั้น
  ขอยืม
12. Book การพยาบาล
Book การพยาบาล
WY154 ว528ก ฉ.6 
  Barcode: 035996
ห้องสมุดวิทยาเขตสวรรค์ประชารักษ์
►ส่วนจัดเก็บหนังสือเก่า สปร
บนชั้น
  ขอยืม
13. Book การพยาบาล
Book การพยาบาล
WY154 ว528ก ฉ.7 
  Barcode: 035997
ห้องสมุดวิทยาเขตสวรรค์ประชารักษ์
►ส่วนจัดเก็บหนังสือเก่า สปร
บนชั้น
  ขอยืม
14. Book การพยาบาล
Book การพยาบาล
WY154 ว528ก ฉ.8 
  Barcode: 035998
ห้องสมุดวิทยาเขตสวรรค์ประชารักษ์
►ส่วนจัดเก็บหนังสือเก่า สปร
บนชั้น
  ขอยืม
15. Book การพยาบาล
Book การพยาบาล
WY154 ว528ก ฉ.9 
  Barcode: 035999
ห้องสมุดวิทยาเขตสวรรค์ประชารักษ์
►ส่วนจัดเก็บหนังสือเก่า สปร
บนชั้น
  ขอยืม

รายการใกล้เคียง
    หัวเรื่อง [ผู้ป่วยหนัก, การดูแล]

BibComment


ยังไม่เคยถูกคอมเมนท์

คอมเมนท์ทรัพยากรรายการนี้
  คอมเมนท์: การพยาบาลผู้ป่วย..


 Copyright 2026. Bcnsprnw @Library